| 000 | 01605 a2200277 4500 | ||
|---|---|---|---|
| 001 | 2287 | ||
| 005 | 20260407155423.0 | ||
| 008 | 260407a2008 arg spa d | ||
| 003 | AR-UNSa-BCEJYS | ||
| 040 |
_aAR-UNSa-BCEJYS _bspa _cAR-UNSa-BCEJYS |
||
| 080 |
_a35.076 _xDeberes y competencias de los organismos públicos (Responsabilidad del estado) |
||
| 245 | 1 | 0 | _aResponsabilidad del estado |
| 020 | _a978-950-727-957-7 | ||
| 264 | 1 |
_aBuenos Aires : _bUniversidad de Buenos Aires. Facultad de Derecho. Departamento de Publicaciones _c2008 |
|
| 300 |
_aviii, 661 p. _c22 cm. |
||
| 505 | _a1. Aspectos generales - 2. Fundamentos jurídicos de la responsabilidad del Estado - 3. Presupuestos y alcance de la responsabilidad estatal - 4. Aspectos procesales de la acción de daños y perjuicios - 5. Responsabilidad del estado por su actividad legislativa y judicial - 6. Responsabilidad el estado en el ámbito internacional y de la integración regional - 7. Responsabilidad del Estado en materia de servicios públicos - 8. Responsabilidad del Estado por daño ambiental - 9. Responsabilidad del estado en materia de derechos humanos - 10. Responsabilidad del Estado por su actividad urbanística y de fomento | ||
| 041 | _aspa | ||
| 942 | _cBK | ||
| 590 | _aniveau_biblio:m niveau_hierar:0 | ||
| 100 | 1 | _aAberastury, Pedro | |
| 700 | 1 | _aAlvarez, Omar Alberto | |
| 700 | 1 | _aBarbagelata, Jorge | |
| 700 | 1 | _aBianchi, Alberto B. | |
| 700 | 1 | _aCassagne, Juan Carlos | |
| 856 | 4 | 1 |
_uhttps://biblioeco.unsa.edu.ar/pmb/images/libros/Responsabilidad del estado2-l118260.jpg _yImagen de portada _qimage/jpeg |
| 999 |
_c262 _d262 |
||